La deuda externa salvadoreña y los efectos sociales de su crecimiento
Tallennettuna:
| Päätekijä: | |
|---|---|
| Aineistotyyppi: | Teksti |
| Julkaistu: |
s.l.:
s.e.
|
| Tagit: |
Lisää tagi
Ei tageja, Lisää ensimmäinen tagi!
|
MARC
| LEADER | 00000 a a2200000 04500 | ||
|---|---|---|---|
| 001 | 21674 | ||
| 003 | |||
| 040 | |||
| 090 | |a 096700 | ||
| 100 | |a Lungo Uclés, Mario | ||
| 245 | |a La deuda externa salvadoreña y los efectos sociales de su crecimiento | ||
| 260 | |a s.l.: |b s.e. | ||
| 300 | |a 14 p. | ||
| 999 | |c 12893 |d 12893 | ||
